Statistics for Croatia Country Quiz

Click here to take the quiz!

General Stats

  • This quiz has been taken 1,387 times
    (1,376 since last reset)
  • The average score is 14 of 18

Answer Stats

Hint Answer % Correct
Biggest cityZagreb
99%
Bosnia and Herzegovina
94%
Bordering countriesSerbia
94%
Slovenia
93%
Member of EU since2013
90%
Montenegro
89%
Bordering seaAdriatic sea
89%
Second largest citySplit
88%
Hungary
88%
Year of independence1991
88%
Member of previous federal republicYugoslavia
83%
CurrencyKuna
79%
Popular breed of dogDalmatian
73%
Peninsula Croatia is situated inBalkan
69%
Longest riverSava
66%
Biggest islandCres
53%
Roman emperor who built palace in city aboveDiocletian
43%
Indo-European branchSlavic
41%

Score Distribution

Percentile by Number Answered

Percent of People with Each Score

Your Score History

You have not taken this quiz since the last reset